1315 1518 1713 1260 1453 1923 1921 1266 1027 1393 1690 1960 1767 1602 1083 1014 2000 1367 1919 1483 1729 1444 1384 1917 1696 1557 1352 1940 1242 1910 1761 1725 1457 1473 1718 1748 1362 1096 1903 1158 1324 1985 1231 1795 1465 1800 1629 1987 1616 1463 1415 1781 1403 1524 1892 1905 1397 1892 1813 1102 1391 1504 1427 1107 1950 1377 1781 1142 1036 1489 1348 1144 1282 1373 1722 1373 1378 1133 1367 1847 1810 1682 1382 1774 1489 1346 1656 1582 1526 1032 1431 1361 1283 1613 1735 1968 1684 1135 1472 BCNSPRNW ULIB Ver.6.0+V

เปลี่ยนเป็นภาษาไทย

Change to English
 แสดงรายละเอียดบรรณานุกรม
  กลับหน้าหลัก

Brief Record : Get Marc (ISO 2709) : E-mail record : QR code < ปิดหน้าต่าง
LEADER : 00000nam 2200000uu 4500
001    13399122393
003     ULIB
008    130315s2549||||th 000 0 tha d
020    97897448813547
090    นว^bท455ร
100 0  ทิพเกสร
245 00 รักเล่ห์เสน่ห์ลวง^cทิพเกสร
260    ^c2549
945    ^p280^l0^i020429
999    ^aเกษร โพธิ์สุวรรณ
รายการนี้ยังไม่มีแท็ก
คุณยังไม่ได้ล็อกอิน คุณสามารถมีกิจกรรมร่วมกับเว็บไซต์ได้ แต่ต้องล็อกอินก่อน ::
  ล็อกอิน

รายการสื่อสารสนเทศ

ลำดับที่ ประเภท เลขเรียก/บาร์โค้ด สถานที่ สถานะ
1. นวนิยาย
นวนิยาย
นว ท455ร  
  Barcode: 020429
ห้องสมุดวิทยาเขตสวรรค์ประชารักษ์
►นวนิยาย
บนชั้น
  ขอยืม

BibComment


ยังไม่เคยถูกคอมเมนท์

คอมเมนท์ทรัพยากรรายการนี้
  คอมเมนท์: รักเล่ห์เสน่ห์ลวง..


 Copyright 2026. Bcnsprnw @Library